000 00689nam a2200217Ii 4500
001 23283
003 CO-ViMGA
008 241108s9999||||xx |||||||||||||| ||und||
020 _a9789585472716
040 _aCO-ViMGA
_bspa
_erda
_cCO-ViMGA
041 0 _aspa
082 0 4 _a398.209861 B16cu
100 1 _aBaquero NariƱo, Alberto,
_d1945-
_935429
245 1 0 _aLos cuentos de Pascual :
_bmitos y leyendas del Piedemonte Llanero
264 1 _a[Lugar de publicación no identificado] : Icono, 2022
300 _avolumen
336 _atext
_btxt
_2rdacontent
337 _aunmediated
_bn
_2rdamedia
338 _avolume
_bnc
_2rdacarrier
940 _aidficha_siabuc: 22379. -- ficha_no_siabuc:23283
999 _c39578
_d39578